LEADER 01117nam a2200265 i 4500 001 000000149608 003 CaOOAMICUS 005 20060410000000.0 008 060410s2000 it u000 u ita u 013 $a126932 020 $a88-8212-236-0 040 $aSeMil$bita 245 12$aI luoghi dell'anima :$bin viaggio con i grandi scrittori /$ca cura di Fulvio Panzeri. 260 $aNovara :$bInterlinea,$cCopyr. 2000. 300 $a243 p. ;$c16 cm. 490 0 $aPassio ;$v24 650 4$aViaggi - Descrizioni letterarie - Sec. 20. - Antologie.$0(OLS)http://semarc/subject/29234 700 1 $aPanzeri, Fulvio,$d<1957- >.$0(OLS)http://semarc/name/33134 830 0$aPassio ;$v24.$0(OLS)http://semarc/title/13022 850 $aSeMil 852 $aSeMil$W1$xVenegono$y1$m1D I 120$j101809$B101809$CSeMilBibl$Z2$F110944 $81 961 $aOmaggio: Delpini mons. Mario 996 $6020$a88-8212-236-0$9(OLS)http://semarc/number/138741 996 $6245$aI luoghi dell'anima :$bin viaggio con i grandi scrittori$9(OLS)http://semarc/title/218661 996 $6260$aNovara :$bInterlinea$9(OLS)http://semarc/publisher/31908 LEADER 01243nam a2200193 i 4500 001 000000022155 003 CaOOAMICUS 005 20180830125445.0 008 180830s1936 it u000 u ita u 040 $aSeMil$bita 100 1 $aGarrigou-Lagrange, Réginald,$c.$0(OLS)http://semarc/name/5500 245 12$aL'amore di Dio e la croce di Gesù :$bstudio di teologia mistica sul problema dell'amore e le purificazioni passive secondo i principi di S. Tommaso d'Aquino e la dottrina di S. Giovanni della Croce /$cp. Reginaldo Garrigou-Lagrange. 260 $aTorino :$bSocietà Editrice Internazionale,$c1936. 300 $a2 v. ;$c21 cm. 773 0 $tBiblioteca di ascetica e mistica.$dTorino ; Milano [etc.] : Società Editrice Internazionale, [19?]$w()12905 774 0 $tVolume 1.$kBiblioteca di ascetica e mistica$w()182193 774 0 $tVolume 2.$kBiblioteca di ascetica e mistica$w()182194 996 $6245$aL'amore di Dio e la croce di Gesù :$bstudio di teologia mistica sul problema dell'amore e le purificazioni passive secondo i principi di S. Tommaso d'Aquino e la dottrina di S. Giovanni della Croce$9(OLS)http://semarc/title/18822 996 $6260$aTorino :$bSocietà Editrice Internazionale$9(OLS)http://semarc/publisher/29847